00458nam a2200157 a 450000500170000000800410001702000180005805000240007610000200010024500630012026000390018330000340022252100090025665000150026570000200028020140310183438.0080206s19uu xx 00 eng d a9780324645194 aHB 171.5b.L44 2008 aLieberman, Marc aPrinciples and applications of economics /cMarc Lieberman aAustralia :bSouth-Western,c2008. a893 p. :bcol. ill. ;c27 cm. aBSBA aEconomics. aHall, Robert E.